| 000 | 00482nam a2200169 i 4500 | ||
|---|---|---|---|
| 001 | 184930 | ||
| 003 | ES-MaACL | ||
| 005 | 20250407063124.0 | ||
| 008 | 160219s1968 sp |||| | spa d | ||
| 080 | _a821.134.2-31"19" | ||
| 100 | 1 |
_aMartí Ibáñez, Félix, _d1911-1972 _9158827 |
|
| 245 | 1 | 4 |
_aLas pagodas / _cFélix Martí Ibáñez. |
| 260 |
_aMadrid : _bAlfaguara, _c[1968] |
||
| 300 |
_a540 p. ; _c21 cm. |
||
| 852 |
_aES-MaACL _jG-7371 |
||
| 999 |
_c184930 _d184930 |
||